All World Cup Host Cities on a Map - Statistics

General Stats
  • This quiz has been taken 43 times
  • The average score is 91 of 158
Answers on the Map
Answers color-coded by a green-red scale on the quiz's map according to % correct below.
 
Answer Stats
Group Answers % Correct
en66 London
94%
fr38 Paris
94%
it34 Rome
94%
es82 Barcelona
91%
es82 Madrid
91%
en66 Manchester
91%
fr38 Marseille
91%
it34 Naples
91%
bz50 Rio de Janeiro
91%
ch62 Santiago
91%
bz50 Sao Paulo
91%
de74 Berlin
89%
br14 Brasilia
89%
sa10 Cape Town
89%
qt22 Doha
89%
sa10 Johannesburg
89%
en66 Liverpool
89%
us94 Los Angeles
89%
mx70 Mexico City
89%
it34 Milan
89%
ru18 Moscow
89%
de74 Munich
89%
us94 New York City
89%
it34 Turin
89%
es82 Valencia
89%
fr38 Antibes
86%
en66 Birmingham
86%
ar78 Buenos Aires
86%
us94 Dallas
86%
de74 Frankfurt
86%
de74 Hamburg
86%
kj02 Osaka
86%
ru18 Saint Petersburg
86%
kj02 Seoul
86%
es82 Seville
86%
sw58 Stockholm
86%
kj02 Tokyo
86%
us94 Boston
83%
us94 Chicago
83%
de06 Cologne
83%
us94 Detroit
83%
it34 Genoa
83%
fr98 Lyon
83%
ur30 Montevideo
83%
it90 Palermo
83%
us94 San Francisco
83%
fr38 Bordeaux
80%
us94 Washington, D.C.
80%
hv54 Bern
77%
it34 Florence
77%
sw58 Malmo
77%
us94 Orlando
77%
fr38 Toulouse
77%
hv54 Zurich
77%
es82 Bilbao
74%
de74 Dusseldorf
74%
hv54 Geneva
74%
sw58 Gothenburg
74%
mx70 Guadalajara
74%
ru18 Sochi
74%
bz50 Belo Horizonte
71%
sa10 Bloemfontein
71%
ru18 Kaliningrad
71%
fr38 Lille
71%
mx86 Monterrey
71%
fr98 Nantes
71%
hv54 Basel
69%
it90 Cagliari
69%
de74 Dortmund
69%
es82 Málaga
69%
br14 Manaus
69%
br14 Salvador
69%
en66 Sheffield
69%
de74 Stuttgart
69%
it90 Bari
66%
it34 Bologna
66%
kj02 Busan
66%
de06 Leipzig
66%
de06 Nuremberg
66%
ar78 Córdoba
63%
sa10 Durban
63%
bz50 Recife
63%
kj02 Sapporo
63%
fr38 Strasbourg
63%
it90 Verona
63%
de74 Hanover
60%
ru18 Nizhny Novgorod
60%
es82 Zaragoza
60%
hv54 Lausanne
57%
bz50 Porto Alegre
57%
ru18 Volgograd
57%
br14 Fortaleza
54%
ru18 Kazan
54%
fr98 Montpellier
54%
ar78 Rosario
54%
fr98 Saint-Étienne
54%
it34 Trieste
54%
es82 A Coruña
51%
en66 Sunderland
51%
es82 Vigo
51%
sa10 Gqeberha
49%
fr38 Le Havre
49%
mx70 Puebla
49%
ru18 Yekaterinburg
49%
es82 Gijón
46%
mx70 León
46%
hv54 Lugano
46%
ru18 Rostov-on-Don
46%
it90 Udine
46%
es82 Alicante
43%
br14 Natal
43%
es82 Valladolid
43%
kj02 Daegu
40%
de74 Gelsenkirchen
40%
kj02 Incheon
40%
en66 Middlesbrough
40%
fr98 Lens
37%
fr38 Reims
37%
bz50 Curitiba
34%
es82 Elche
34%
es82 Oviedo
34%
ru18 Samara
34%
kj02 Seogwipo
34%
de06 Kaiserslautern
31%
ar78 Mendoza
29%
sw58 Orebro
29%
kj02 Gwangju
26%
kj02 Miyagi
26%
mx70 Toluca
26%
sw58 Helsingborg
23%
ch62 Viña del Mar
23%
ch62 Arica
20%
br14 Cuiabá
20%
ar78 Mar del Plata
20%
sw58 Norrkoping
20%
sw58 Vasteras
20%
kj02 Daejeon
17%
kj02 Niigata
17%
mx86 Querétaro
14%
ru18 Saransk
14%
kj02 Ulsan
14%
qt22 Al Khor
11%
sw58 Boras
11%
kj02 Oita
11%
ch62 Rancagua
11%
sw58 Eskilstuna
9%
sw58 Halmstad
9%
kj02 Jeonju
9%
kj02 Shizuoka
9%
qt22 Al Wakrah
6%
mx86 Irapuato
6%
sa10 Polokwane
6%
sa10 Rustenburg
6%
sw58 Sandviken
6%
kj02 Suwon
6%
sw58 Uddevalla
6%
kj02 Kashima
3%
sa10 Mbombela
3%
No matching quizzes found
Score Distribution
Percent of People with Each Score
Percentile by Number Answered
Your Score History
You have not taken this quiz